Perfect - One Direction - All Lyrics - Statistics

General Stats
  • This quiz has been taken 126 times
  • The average score is 374 of 430
Answer Stats
Answer % Correct
perfect
100%
you
100%
I
99%
baby,
97%
Baby,
97%
oh, yeah
97%
Oh, yeah
97%
the
97%
And
96%
if
96%
If
96%
like
96%
to
96%
be
95%
in
95%
your
95%
do
94%
for
94%
can
92%
I'm
92%
we
92%
you're
92%
When
91%
one
90%
one,
90%
room
90%
go
89%
But
87%
can't
87%
hotel
87%
Then,
87%
Then
87%
might
86%
never
86%
that
86%
were
86%
we're
86%
what
86%
about
85%
from
85%
little
85%
secret
85%
So
85%
know
84%
rooms
84%
saw
84%
things
84%
first
82%
goin'
82%
home
82%
looking
82%
take
82%
tonight
82%
across
81%
dreamin'
81%
shouldn't
81%
been
80%
who
80%
with
80%
'Cause
78%
could
78%
having
78%
now
78%
places
78%
pronounce
78%
right
78%
down
77%
even
77%
mother
77%
tell
77%
armour
76%
not
76%
shinin'
76%
trouble
76%
windows
76%
driving
75%
flowers
75%
knight
75%
up
75%
you've
75%
causing
73%
curious,
73%
let's
73%
rendezvous
73%
sure
73%
making
72%
time
71%
Girl,
70%
hope
70%
promises
70%
start
70%
whatever
70%
at
68%
brings
68%
good
68%
want
68%
love
67%
midnight
66%
out
66%
songs
65%
every
63%
someone
63%
write
63%
heart
62%
any
59%
breakup
58%
flashin'
58%
don't
57%
cameras
56%
here
52%
mean
52%
put
52%
or
51%
live
49%
moment
49%
hold
48%
arms
47%
hands
44%
them
43%
No matching quizzes found
Score Distribution
Percent of People with Each Score
Percentile by Number Answered
Your Score History
You have not taken this quiz